| 000 | 00462nam a2200169Ia 4500 | ||
|---|---|---|---|
| 999 |
_c37424 _d37424 |
||
| 003 | OSt | ||
| 005 | 20200929145828.0 | ||
| 008 | 190216s9999||||xx |||||||||||||| ||und|| | ||
| 040 | _coclc | ||
| 082 |
_a592 _bJOR/I |
||
| 100 |
_aJordan, E L _95115 |
||
| 245 | 0 |
_aInvertebrate Zoology / _cE L Jordan |
|
| 260 |
_bS Chand & Company, _c1983. _aNew Delhi: |
||
| 300 | _a1018p | ||
| 650 | _aZoology | ||
| 942 |
_cBK _2ddc _h592 _iJOR/I _k592 _mJOR/I |
||